000
00310nam a2200157Ia 4500
100
_a
Mansfield/ Ron
250
_a
4
942
_c
BK
654
_a
computer
245
_a
Mastering Word 97
260
_b
BPB
_a
New Delhi
_c
1997
082
_a
4.65
_b
MAN
300
_a
1074
546
_a
ENGLISH
999
_c
32466
_d
32466